000 00275nam a22001337a 4500
008 170214b xxu||||| |||| 00| 0 eng d
020 _a0887235514
041 _aeng
080 _a61
100 _a4
101 _aSHM
245 _aSECRET FOOD CURES
_cWILEN
942 _2udc
_cBK
999 _c5471
_d5471